| 000 | 00781nam a2200265Ia 4500 | ||
|---|---|---|---|
| 003 | OSt | ||
| 005 | 20220928110832.0 | ||
| 006 | a|||||r|||| 00| 0 | ||
| 007 | ta | ||
| 008 | 220927b |||||||| |||| 00| 0 hin d | ||
| 020 | _c520 | ||
| 024 | _a124807 | ||
| 037 |
_b318, 11/10/2014, Kiran Book Service _cTextual |
||
| 040 |
_aSDCL _cSDCL _bhin |
||
| 041 |
_2hin _ahin |
||
| 082 | _aO152,6N11x, Q4.11 | ||
| 100 |
_aPaliwal Krishnadatta Ed. _9420806 |
||
| 245 | 0 | _aAjneya rachnawali (Vol 11) | |
| 260 |
_aNew Delhi _bBhartiya Jnanpith _c2014 |
||
| 300 |
_a5-408P _ccm. |
||
| 490 | _v11V. | ||
| 650 |
_aHindi _9391598 |
||
| 942 |
_hO152,6N11x, Q4.11 _cTEXL _2CC |
||
| 999 |
_c737081 _d737081 |
||